Score 0/20 Timer 07:00
5 Plays Today
% Correct
J. K. Rowling (Harry Potter series)
84.9%
J. R. R. Tolkien (Lord of the Ring series)
83.4%
Edgar Allan Poe (The Raven)
83.4%
Dr. Seuss (The Cat in the Hat)
83.2%
Harper Lee (To Kill A Mockingbird)
80.2%
Arthur Conan Doyle (Sherlock Holmes mysteries)
79.4%
Agatha Christie (Poirot mysteries)
79.3%
Suzanne Collins (Hunger Games series)
76.3%
Bram Stoker (Dracula)
73.1%
Jane Austen (Pride and Prejudice)
72.9%
% Correct
Lewis Carroll (Alice in Wonderland series)
71.5%
Herman Melville (Moby-Dick; or, The Whale)
65.7%
L. Frank Baum (Wizard of Oz series)
58.1%
Ayn Rand (Atlas Shrugged)
57.5%
Margaret Mitchell (Gone with the Wind)
56%
George R. R. Martin (ASOIAF series)
55.7%
Miguel de Cervantes (Don Quixote)
55.5%
Charles Dickens (A Christmas Carol)
54.6%
Anthony Burgess (A Clockwork Orange)
48.6%
F. Scott Fitzgerald (The Great Gatsby)
43.3%
Remove Ads.
Support Sporcle.
Get the best of Sporcle when you Go Orange. This ad-free experience offers more features, more stats, and more fun while also helping to support Sporcle. Thank you for becoming a member.

You're not logged in!

Compare scores with friends on all Sporcle quizzes.
OR
Log In

Show Comments

Extras

Top Quizzes Today


Score Distribution

Your Account Isn't Verified!

In order to create a playlist on Sporcle, you need to verify the email address you used during registration. Go to your Sporcle Settings to finish the process.

Report this User

Report this user for behavior that violates our Community Guidelines.

Details: